Word Ladder: Break a Leg Quiz Stats

Quiz Updated Dec 8, 2014

Challenge
Share
Tweet
Embed
Score 0/11 Timer 01:00
0 Plays Today
Clue 4-Letter Word % Correct
Body part containing toesFOOT
96.9%
What a key opensLOCK
94.9%
Stolen money or valuablesLOOT
93.4%
Direct one's gazeLOOK
93.4%
Silly personFOOL
90.9%
ツ[First Rung] ____, 'Break a leg' in other words ツLUCK!
88.9%
'Goodnight ____', Children's bookMOON
87.4%
ツ____ [Last Rung], 'Break a leg' in other wordsツGOOD
87.3%
Temporary state of mindMOOD
85.6%
Cartoon film or TV showTOON
78.2%
Rock band which sings 'Ænima'TOOL
74.5%

Today's Daily Dose

You're not logged in!

Compare scores with friends on all Sporcle quizzes.
Sign Up with Email
OR
Log In

You Might Also Like...

Show Comments

Extras

Top Quizzes Today


Score Distribution

Your Account Isn't Verified!

In order to create a playlist on Sporcle, you need to verify the email address you used during registration. Go to your Sporcle Settings to finish the process.